000 00570nam a2200229Ia 4500
003 OSt
005 20221005115426.0
006 a|||||r|||| 00| 0
007 ta
008 221004b |||||||| |||| 00| 0 mal d
024 _a55609
037 _cTextual
040 _aCRL
_cCRL
_bmal
041 _2mal
_amal
082 _aO32,2N061x, K0
100 _aNair Govindan
_9627512
245 0 _aChaliyathi
260 _c1960
650 _aMALAYALAM DRAMA
_9207189
942 _hO32,2N061x, K0
_cTEXL
_2cc
999 _c1034788
_d1034788